000
00251nam a2200097Ia 4500
008
241105s9999 xx 000 0 und d
041
_a
eng
100
_a
Oswal Bhavana S
_9
182903
245
_a
Spinning Mill Complex
260
_b
BNCA B-Arch ID, Pune
_c
2016
999
_c
361196
_d
361196